| 000 | 00435nam a2200181Ia 4500 | ||
|---|---|---|---|
| 008 | 230524s9999 xx 000 0 und d | ||
| 020 | _a9789380931913 | ||
| 082 |
_a5.741 _bHAN |
||
| 100 | _aJiawei Han | ||
| 245 | 0 | _aData Mining concepts and Techniques | |
| 250 | _a3 | ||
| 260 |
_bElsevier _c2016 |
||
| 300 | _a"XXXV,673p;" | ||
| 500 | _aQuantity Number: 20 | ||
| 650 | _aComp.Sc | ||
| 700 | _aMicheline Kamber | ||
| 942 | _cBK | ||
| 999 |
_c58811 _d58811 |
||